000 02110nam a2200265 a 4500
001 ASIN935029169X
003 OSt
005 20170105102909.0
008 131025s2011 xxu eng d
020 _a935029169X (hardcover)
_c$59.99
020 _a9789350291696 (hardcover)
040 _aA
050 0 4 _aBP63.A37
082 0 4 _a320.557
_bHIR 2011
100 1 _aHiro, Dilip.
245 1 0 _aJihad on two fronts :
_bsouth asia's unfolding drama /
_cDilip Hiro.
260 _a[S.l.] :
_bHarper Collins,
_c2011.
300 _a448 p. ;
_c23 cm.
520 _aSince the partition of India in 1947, the history of the Indian subcontinent has been hostage to endless conflicts between India, Pakistan and Afghanistan. Over the last decade and more, the region has borne the brunt of terrorist violence perpetrated by fundamentalist Islamic groups which originated and thrived in Afghanistan as a counterforce to the large presence of Soviet troops in the 1980s. Jihadists from Pakistan, assisted by the newly formed Al Qaida, have focused on liberating Kashmir from India, leading to a backlash in India. The overarching aim of jihadist organizations in South Asia is to escalate tensions between Pakistan and India, raising the prospect of nuclear conflagration between the two nations. The Line of Control in Kashmir is the most dangerous border in the world and will remain so until and unless the jihadist movement in the region is defeated. So it is imperative to understand the complicated equation involving Afghanistan, Pakistan and India. Jihad on Two Fronts attempts to do just that. With his extraordinary understanding of the region and of all the players in the complex matrix, Dilip Hiro shows how the interrelated jihadist movement in Afghanistan and Pakistan have affected India and how the scenario poses a serious threat to the more than 1.5 billion people who inhabit the region.
650 0 _aIslam and politics
650 0 _aIslamic fundamentalism
650 0 _aSouth Asia
856 4 0 _3Amazon.com
_uhttp://www.amazon.com/exec/obidos/ASIN/935029169X/chopaconline-20
942 _2ddc
_cBK
999 _c15029
_d15029